01024 2200373 4500001002100000005001500021035002000036245011400056100003900170250000600209300003500215700002300250260003400273082001100307084001700318020002200335650002100357990001700378990001700395990001700412990001700429990001700446990001700463990001700480990001700497990001700514990001700531990001700548990001700565990001700582990001700599990001700616990001700633INLIS00000000000002220180724090906 a0010-07180000221 aIlmu Nahwu :bBahasa Arab /cAbu Abdillah Muhammad bin Muhammad Ash-Shanhaji; Alih BAhasa, Drs. Zaenuri Siroj0 aMuhammad bin Muhammad Ash-Shanhaji a- aiv, 51 hlm. :bilus. ;c25 cm.0 aDrs. Zaenuri Siroj aTangerang :bPT Albama,c2009 a492.75 a492.75 MUH i a978-602-316-893-4 aTata Bahasa Arab a00084/P/2018 a00085/P/2018 a00086/P/2018 a00087/P/2018 a00086/P/2018 a00084/P/2018 a00085/P/2018 a00087/P/2018 a00085/P/2018 a00084/P/2018 a00086/P/2018 a00087/P/2018 a00087/P/2018 a00084/P/2018 a00085/P/2018 a00086/P/2018